000
00258nam a2200109Ia 4500
008
240731s9999 xx 000 0 und d
245
0
_a
PANS
260
_b
Taylor & Francis
856
_u
https://www.tandfonline.com/loi/ttpm18
942
_2
ddc
942
_c
TFEJ
999
_c
78837
_d
78837
945
_a
1
_b
Madushi Gamage
_c
1
_d
Madushi Gamage